Responses for Show #3814 - Thursday, March 15, 2001

Contestants

[<< previous game]

David Sales, a physician from Northbrook, Illinois

Nick Ireland, a court reporting instructor from Longview, Texas

Raj Choudhary, a customer care manager from Houston, Texas (whose 2-day cash winnings total $16,800)

[next game >>]

Jeopardy! Round responses

AWARDS
DON'T ROCK THE...
STATES BY SENATORS
TONY ORLANDO!
IT'S COLUMBO
JUST "ONE" MORE THING
    $100 6
Model

Raj
    $100 11
Noah's Ark

Nick
    $100 1
Hawaii

Nick
    $100 26
Dawn

Raj
    $100 21
Indian Ocean

Raj
    $100 16
one good turn

Raj
    $200 7
trailers

Raj
    $200 12
raft

David
    $200 2
South Carolina

Nick
    $200 27
P.T. Barnum

Nick
    $200 22
(Raj: What is Hinduism?)

Buddhism

RajNick
    $200 17
one size fits all

Raj
    $500 8
(Raj: What is Housing And Urban Development?)

Commerce

Raj
    $300 13
liners

Triple Stumper
    $300 3
Mississippi

Raj
    $300 28
Freddie Prinze

Raj
    $300 23
(Nick: What is the king's residence?)
(David: What's the governor's?)

President

NickDavid
Triple Stumper
    $300 18
"One potato, two potato..."

David
    $400 9
Meteorological

David
    $400 14
(racing) yacht

David
    $400 4
Pennsylvania

Raj
    $400 29
"Sweet Gypsy Rose"

David
    $400 24
Great Britain/England

Raj
    $400 19
The Wild One

Nick
    $500 10
Architecture

David
    $500 15
clipper

David
    $500 5
Iowa

Nick
    $500 30
Branson

Nick
    $500 25
Portugal

Nick
    $500 20
"One Nation"

Triple Stumper

Scores at the first commercial break (after clue 15):

Raj Nick David
$500 $900 $2,000

Scores at the end of the Jeopardy! Round:

Raj Nick David
$1,500 $2,400 $2,400

Double Jeopardy! Round responses

THE 1920s
WHO'S YOUR DADDY?
BOTANY
FILMS OF THE '90s
THE PLAYWRIGHT WRITES
(Alex: You have to name the playwright.)
"LES" IS MORE
    $200 2
Hermann Rorschach

Nick
    $200 7
(Raj: Who is Edward?)

Prince Philip

RajDavid
    $200 22
Kiwi fruit

Nick
    $200 15
The Scarlet Letter

Nick
    $200 16
Arthur Miller (Death of a Salesman)

Nick
    $200 26
Less than Zero

Raj
    $400 3
Bridge

Nick
    $400 8
Richard Nixon

David
    $400 23
(Raj: What is Chile?)

Panama

Raj
Triple Stumper
    $400 14
Scent of a Woman

Raj
    $400 17
Neil Simon (Brighton Beach Memoirs)

Raj
    $400 29
Lesbos

David
    $600 4
Sinclair Lewis

Nick
    $1,000 9
Malcolm X

David
    $600 24
(David: What is allspice?)

Mace

David
Triple Stumper
    $600 13
(Raj: What is The Sixth Day?)

Total Recall

RajNick
    $600 18
George Bernard Shaw (Pygmalion)

Nick
    $600 30
Lesotho

Nick
    $800 5
Leon Trotsky

Raj
    $800 10
Jon Voight

Nick
    $800 25
(Alex: With a minute to go.)

paleobotany

David
    $800 12
Primary Colors

Raj
    $800 19
Thornton Wilder (Our Town)

Raj
    $800 27
Lisa Leslie

Raj
    $1000 6
Richard Byrd

Nick
    $1000 11
Julius Erving

Raj
    $1000 21
Carl Linnaeus

David
    $1,500 1
Awakenings

Raj
    $1000 20
Eugene O'Neill (Anna Christie)

Triple Stumper
    $1000 28
Lesser Antilles

David

Scores at the end of the Double Jeopardy! Round:

Raj Nick David
$7,000 $7,800 $6,600

[wagering suggestions for these scores]

Final Jeopardy! Round responses

THE CALENDAR
(Alex: Daylight Savings Time begins in April, we spring ahead, we lose one hour in time - that's where that hour is.)
DavidWhat is November?
$401
RajWhat is April
$3,000
NickWhat is Apli
$6,201
April

Final scores:

Raj Nick David
$10,000 $1,599 $6,199
3-day champion: $26,800 3rd place: a Natural Wonders gift certificate 2nd place: a trip to Paris courtesy of Priceline.com

Game dynamics:

Coryat scores:

Raj Nick David
$7,000 $7,800 $6,200
19 R
(including 1 DD),
5 W
(including 1 DD)
20 R,
1 W
14 R
(including 1 DD),
2 W

Combined Coryat: $21,000

[game clues] [game scores] [suggest correction]

Game tape date: 2000-12-05
The J! Archive is created by fans, for fans. Scraping, republication, monetization, and malicious use prohibited; this site may use cookies and collect identifying information. See terms. The Jeopardy! game show and all elements thereof, including but not limited to copyright and trademark thereto, are the property of Jeopardy Productions, Inc. and are protected under law. This website is not affiliated with, sponsored by, or operated by Jeopardy Productions, Inc. Join the discussion at JBoard.tv.